[Event "Veletrzni turnaj 2021"]
[Site "Brno"]
[Date "2021.09.03"]
[Round "7.1"]
[White "Tajovsky, Matej"]
[Black "Glozar, Petr"]
[Result "0-1"]
[WhiteElo "2025"]
[BlackElo "2110"]
[PlyCount "88"]
[EventDate "2021.08.29"]

1. e4 c5 2. Nf3 Nc6 3. d4 cxd4 4. Nxd4 g6 5. Nc3 Bg7 6. Be3 Nf6 7. Bc4 Qa5 8.
O-O O-O 9. Bb3 d6 10. Nd5 Re8 11. Nxf6+ Bxf6 12. c3 Bd7 13. f4 Rf8 14. f5 Ne5
15. Bh6 Bg7 16. Bxg7 Kxg7 17. Nf3 Qc5+ 18. Kh1 Bb5 19. Nxe5 Qxe5 20. Re1 Rac8
21. Qd5 Qxd5 22. Bxd5 Bc6 23. Rad1 gxf5 24. exf5 Kf6 25. Re4 Bxd5 26. Rxd5 Rc5
27. Rxc5 dxc5 28. g4 h6 29. h4 Re8 30. Rf4 Rd8 31. Rf2 Rg8 32. Rf4 Ke5 33. Ra4
a6 34. Kg2 Rd8 35. Ra5 Kf4 36. Ra4+ Ke3 37. g5 hxg5 38. hxg5 Rd5 39. Kg3 Rxf5
40. Kg4 Rf2 41. Ra5 Rf4+ 42. Kh5 Rc4 43. Ra3 Kf4 44. Rb3 b5 0-1

[Event "Veletrzni turnaj 2021"]
[Site "Brno"]
[Date "2021.09.03"]
[Round "7.2"]
[White "Hladky, Tadeas"]
[Black "Jires, Jiri"]
[Result "0-1"]
[WhiteElo "1908"]
[BlackElo "2144"]
[PlyCount "54"]
[EventDate "2021.08.29"]

1. e4 e5 2. Nf3 Nc6 3. Bc4 Nf6 4. d3 Be7 5. O-O O-O 6. Re1 d6 7. a4 Na5 8. Ba2
c5 9. c3 Nc6 10. Na3 Be6 11. Bxe6 fxe6 12. Bd2 a6 13. Qb3 d5 14. exd5 exd5 15.
Nxe5 Nxe5 16. Rxe5 Bd6 17. Re2 Bc7 18. g3 Qd7 19. Rae1 Ng4 20. f4 Bd8 21. Nc2
b5 22. axb5 axb5 23. Ne3 c4 24. Qc2 Bb6 25. Kg2 Nf6 26. d4 Rfe8 27. Qf5 Rxe3
0-1

[Event "Veletrzni turnaj 2021"]
[Site "Brno"]
[Date "2021.09.03"]
[Round "7.3"]
[White "Volak, Simon"]
[Black "Fiala, Vaclav"]
[Result "1/2-1/2"]
[WhiteElo "2035"]
[BlackElo "2307"]
[PlyCount "118"]
[EventDate "2021.08.29"]

1. e4 c5 2. Nf3 d6 3. c3 Nf6 4. h3 g6 5. Bd3 Bg7 6. Bc2 O-O 7. O-O Nc6 8. Re1
Bd7 9. d4 cxd4 10. cxd4 Rc8 11. Nc3 a6 12. Bg5 h6 13. Be3 Na5 14. Nd2 b5 15. a3
Kh7 16. Rc1 Bc6 17. b4 Bb7 18. Bd3 Nc4 19. Nxc4 bxc4 20. Bb1 e6 21. d5 exd5 22.
exd5 Nd7 23. Bd4 Nf6 24. Qd2 Re8 25. Bc2 Nd7 26. Rxe8 Qxe8 27. Ba4 Bxd4 28.
Qxd4 Qe5 29. Rd1 Qxd4 30. Rxd4 Nb6 31. Bd1 Ra8 32. f4 a5 33. b5 Rc8 34. Kf2 Rc5
35. Bf3 f5 36. a4 Kg7 37. Rd1 Kf6 38. Ke3 g5 39. g4 Rc7 40. fxg5+ hxg5 41. gxf5
Ke5 42. Rd4 Kxf5 43. Bg4+ Kf6 44. Be6 Re7 45. Re4 Rh7 46. Kd4 Bc8 47. Bxc8 Nxc8
48. Re3 Rh4+ 49. Ne4+ Kg6 50. Rg3 Nb6 51. Rxg5+ Kh6 52. Rg3 Nxa4 53. Ke3 Rh5
54. Nxd6 Rxd5 55. Nxc4 Rxb5 56. Kd4 Nc5 57. Ra3 a4 58. Nd6 Ne6+ 59. Kc4 Rh5
1/2-1/2

[Event "Veletrzni turnaj 2021"]
[Site "Brno"]
[Date "2021.09.03"]
[Round "7.4"]
[White "Ivan, Laszlo"]
[Black "Pokorny, Petr"]
[Result "0-1"]
[WhiteElo "1533"]
[BlackElo "2162"]
[PlyCount "60"]
[EventDate "2021.08.29"]

1. e4 g6 2. d4 Bg7 3. Nc3 d6 4. f4 a6 5. Nf3 b5 6. a3 Nd7 7. e5 e6 8. Be3 Bb7
9. Bd3 Nh6 10. O-O O-O 11. Qe2 Nf5 12. Nd1 c5 13. c3 cxd4 14. cxd4 Nb6 15. Nc3
Qd7 16. b3 Rac8 17. Rac1 Nxe3 18. Qxe3 Rxc3 19. Rxc3 Nd5 20. Qd2 Nxc3 21. Qxc3
Rc8 22. Qd2 dxe5 23. fxe5 Bxf3 24. Rxf3 Qxd4+ 25. Qf2 Bxe5 26. Rxf7 Rc1+ 27.
Bf1 Rxf1+ 28. Kxf1 Qd1+ 29. Qe1 Qxe1+ 30. Kxe1 Kxf7 0-1

[Event "Veletrzni turnaj 2021"]
[Site "Brno"]
[Date "2021.09.03"]
[Round "7.5"]
[White "Hrdlicka, Vladan"]
[Black "Meszaros, Ludek"]
[Result "0-1"]
[WhiteElo "1769"]
[BlackElo "2027"]
[PlyCount "138"]
[EventDate "2021.08.29"]

1. e4 e5 2. Nf3 Nc6 3. Nc3 Nf6 4. d4 exd4 5. Nxd4 Bb4 6. Nxc6 bxc6 7. Bd3 O-O
8. O-O Re8 9. Qf3 h6 10. a3 Bc5 11. h3 Rb8 12. Ne2 d5 13. exd5 Qxd5 14. Qg3 Bd6
15. Qh4 Rxe2 16. Bxe2 Qe5 17. f4 Qxe2 18. Qf2 Qxf2+ 19. Kxf2 Bc5+ 20. Kf3 Bf5
21. Re1 Bxc2 22. b4 Bd4 23. Ra2 Bb3 24. Rae2 Bc3 25. Bd2 Bd5+ 26. Ke3 Bb2 27.
Bc1 Bxc1+ 28. Rxc1 Re8+ 29. Kd3 Rxe2 30. Kxe2 Bxg2 31. Rc5 Nd5 32. Kf2 Bxh3 33.
Ra5 Kf8 34. Rxa7 Ke7 35. Kg3 Bf1 36. Ra5 Kd6 37. Rc5 Bb5 38. Rc1 Ne3 39. Ra1
Ba4 40. Re1 Nf5+ 41. Kf2 g6 42. Re8 Ne7 43. Ra8 Bb3 44. a4 c5 45. Rd8+ Kc6 46.
b5+ Kb6 47. Rb8+ Ka7 48. Re8 Nd5 49. a5 Bc4 50. Rd8 Nxf4 51. Rd7 Kb8 52. Rd8+
Kb7 53. a6+ Ka7 54. Ke3 Ne6 55. Rd7 Bxb5 56. Rxf7 Kxa6 57. Rf6 Bd7 58. Rxg6 Kb5
59. Rxh6 c4 60. Kd2 Kb4 61. Kc1 Kb3 62. Rh7 Nc5 63. Rh5 Nd3+ 64. Kd2 Nf2 65.
Ke3 Nd1+ 66. Kd2 c3+ 67. Kc1 Nb2 68. Rg5 Nd3+ 69. Kd1 c2+ 0-1

[Event "Veletrzni turnaj 2021"]
[Site "Brno"]
[Date "2021.09.03"]
[Round "7.6"]
[White "Lukas, Frantisek"]
[Black "Zikan, Karel"]
[Result "1-0"]
[WhiteElo "1879"]
[BlackElo "1627"]
[PlyCount "95"]
[EventDate "2021.08.29"]

1. d4 Nf6 2. Nf3 d5 3. c4 e6 4. cxd5 exd5 5. Nc3 Bf5 6. Qb3 b6 7. Bg5 c6 8. e3
h6 9. Bh4 Be7 10. Be2 Ne4 11. Bxe7 Qxe7 12. O-O O-O 13. Rac1 Qd6 14. Rfd1 Nd7
15. Bd3 Ndf6 16. Qc2 Nxc3 17. Qxc3 Bxd3 18. Rxd3 Rac8 19. Qa3 Rfd8 20. Qxa7 Ra8
21. Qxb6 Rxa2 22. Qb3 Ra5 23. h3 Rb8 24. Qc2 Qb4 25. b3 Ra3 26. Qxc6 Rxb3 27.
Rxb3 Qxb3 28. Qc7 Qb2 29. Ne5 Rb7 30. Qc8+ Kh7 31. Qc2+ Ne4 32. f3 Qxc2 33.
Rxc2 Ng3 34. Kf2 Nh1+ 35. Ke1 Ng3 36. Rc5 f6 37. Nd3 Rb1+ 38. Rc1 Rb3 39. Rd1
Ra3 40. Kf2 Nf5 41. Rd2 h5 42. g4 hxg4 43. hxg4 Nd6 44. Nf4 Nc4 45. Rd3 Ra2+
46. Kg3 Ra5 47. Rc3 g5 48. Nxd5 1-0

[Event "Veletrzni turnaj 2021"]
[Site "Brno"]
[Date "2021.09.03"]
[Round "7.7"]
[White "Rehurek, Karel"]
[Black "Lisik, Miroslav"]
[Result "1/2-1/2"]
[WhiteElo "1798"]
[BlackElo "1680"]
[PlyCount "56"]
[EventDate "2021.08.29"]

1. e4 c5 2. Nc3 g6 3. g3 Nc6 4. Bg2 Bg7 5. d3 d6 6. Be3 Rb8 7. Rb1 b5 8. Nf3 b4
9. Na4 Nf6 10. O-O O-O 11. c4 Bd7 12. a3 Qa5 13. axb4 Nxb4 14. Ra1 Qc7 15. Nc3
Ng4 16. Bf4 Rb6 17. h3 Nf6 18. Qd2 Rfb8 19. Ra3 a6 20. b3 Nc6 21. Qa2 Qb7 22.
Nd2 Qc8 23. Nf3 Nb4 24. Qd2 Bxh3 25. Rfa1 Bxg2 26. Kxg2 Ng4 27. Re1 Nc6 28. Qc2
Nb4 1/2-1/2

[Event "Veletrzni turnaj 2021"]
[Site "Brno"]
[Date "2021.09.03"]
[Round "7.8"]
[White "Zuziak, Petr"]
[Black "Sipek, Michal"]
[Result "1-0"]
[WhiteElo "1797"]
[BlackElo "2021"]
[PlyCount "79"]
[EventDate "2021.08.29"]

1. d4 d6 2. Nf3 g6 3. c4 Bg7 4. Nc3 Nf6 5. Bg5 c6 6. e3 O-O 7. Be2 Na6 8. O-O
Bf5 9. a3 Nc7 10. Rc1 Rb8 11. b4 a6 12. h3 b5 13. Nd2 h6 14. Bh4 bxc4 15. Nxc4
Nb5 16. Na5 Bd7 17. Bxf6 Bxf6 18. Ne4 Bg7 19. Nxc6 Bxc6 20. Rxc6 Rb6 21. Bxb5
axb5 22. Qc2 Rb7 23. Rc1 Qa8 24. Qd3 Ra7 25. Qxb5 Rxa3 26. Qc4 Kh7 27. Nc3 Qd8
28. b5 e5 29. Qb4 Qa8 30. d5 e4 31. b6 Ra1 32. Rb1 Bxc3 33. Rxc3 Rxb1+ 34. Qxb1
Qxd5 35. b7 Rb8 36. Rc7 Kg7 37. Qb6 Qe5 38. Qa7 Qe8 39. Qa1+ Qe5 40. Qa8 1-0

[Event "Veletrzni turnaj 2021"]
[Site "Brno"]
[Date "2021.09.03"]
[Round "7.9"]
[White "Kuchar, Matej"]
[Black "Vaculik, Martin"]
[Result "0-1"]
[WhiteElo "1998"]
[BlackElo "1862"]
[PlyCount "60"]
[EventDate "2021.08.29"]

1. e4 c5 2. Nf3 d6 3. d4 cxd4 4. Nxd4 Nf6 5. Nc3 g6 6. Be3 Bg7 7. f3 Nc6 8. Qd2
O-O 9. O-O-O d5 10. Kb1 Nxd4 11. e5 Nf5 12. exf6 exf6 13. Bc5 d4 14. Bxf8 Qxf8
15. Nd5 Qc5 16. c4 Be6 17. g4 Bxd5 18. cxd5 Ne3 19. Rc1 Qxd5 20. Be2 a6 21. Rc7
Bh6 22. Rhc1 Nxg4 23. f4 Ne3 24. Bd3 Bxf4 25. Rc8+ Rxc8 26. Rxc8+ Kg7 27. a3
Qb3 28. Qe2 Nd1 29. Qc2 Qe6 30. Rd8 Nc3+ 0-1

[Event "Veletrzni turnaj 2021"]
[Site "Brno"]
[Date "2021.09.03"]
[Round "7.11"]
[White "Wunsch, Radek"]
[Black "Setina, Vaclav"]
[Result "1/2-1/2"]
[WhiteElo "1895"]
[BlackElo "1607"]
[PlyCount "90"]
[EventDate "2021.08.29"]

1. e4 c5 2. Nf3 Nc6 3. Bb5 g6 4. Bxc6 bxc6 5. O-O c4 6. e5 Ba6 7. Re1 Bg7 8.
Nc3 Nh6 9. b3 Qa5 10. Bb2 O-O 11. Ne4 d5 12. Ng3 e6 13. Qc1 Rab8 14. Bc3 Qb5
15. b4 Rfd8 16. Qa3 Bc8 17. Bd4 Qxb4 18. Qxb4 Rxb4 19. Bxa7 Rd7 20. Bc5 Rb5 21.
Bd6 Bf8 22. a4 Rb2 23. Bxf8 Kxf8 24. c3 c5 25. Reb1 Rdb7 26. Rxb2 Rxb2 27. a5
Ba6 28. h3 Ng8 29. Nf1 Ne7 30. Ne3 h5 31. g4 Nc6 32. gxh5 gxh5 33. Ng2 d4 34.
Nf4 h4 35. Kf1 Rb3 36. Ne2 Ke7 37. Nc1 dxc3 38. dxc3 Rxc3 39. Nxh4 Rxh3 40. Ng2
c3+ 41. Kg1 Nxe5 42. Ne3 Bb7 43. Kf1 Rh1+ 44. Ke2 Ba6+ 45. Nd3 Bxd3# 1/2-1/2

[Event "Veletrzni turnaj 2021"]
[Site "Brno"]
[Date "2021.09.03"]
[Round "7.12"]
[White "Neduchal, Jiri"]
[Black "Marsa, Alexandr"]
[Result "1/2-1/2"]
[WhiteElo "1734"]
[BlackElo "1863"]
[PlyCount "31"]
[EventDate "2021.08.29"]

1. d4 d5 2. Nf3 Nf6 3. e3 c5 4. c3 e6 5. Bd3 Nbd7 6. Nbd2 b6 7. O-O Bb7 8. Qe2
Be7 9. e4 dxe4 10. Nxe4 cxd4 11. Nxd4 O-O 12. Bg5 Nxe4 13. Bxe7 Qxe7 14. Bxe4
Bxe4 15. Qxe4 Nf6 16. Qe2 1/2-1/2

[Event "Veletrzni turnaj 2021"]
[Site "Brno"]
[Date "2021.09.03"]
[Round "7.13"]
[White "Vavrinkova, Marie"]
[Black "Stehlik, Jiri"]
[Result "0-1"]
[WhiteElo "1492"]
[BlackElo "1847"]
[PlyCount "41"]
[EventDate "2021.08.29"]

1. d4 Nf6 2. c4 d6 3. Nf3 g6 4. Nc3 Bg7 5. h3 O-O 6. e4 Nbd7 7. Bf4 Nh5 8. Bh2
e5 9. dxe5 dxe5 10. Bd3 c6 11. O-O Qe7 12. Nd2 Nc5 13. Be2 Nf4 14. Nf3 Nce6 15.
Ne1 Bd7 16. Nd3 Rad8 17. Qc2 Nd4 18. Qd2 Nxd3 19. Bxd3 Be6 20. Ne2 Bxc4 21. Nc3
0-1

[Event "Veletrzni turnaj 2021"]
[Site "Brno"]
[Date "2021.09.03"]
[Round "7.14"]
[White "Krystl, Jaromir"]
[Black "Haupt, Jaromir"]
[Result "1-0"]
[WhiteElo "1514"]
[BlackElo "1743"]
[PlyCount "57"]
[EventDate "2021.08.29"]

1. b3 Nf6 2. e3 g6 3. Bb2 Bg7 4. Nf3 O-O 5. Be2 c5 6. c4 Nc6 7. d4 d5 8. Nbd2
cxd4 9. Nxd4 Nxd4 10. Bxd4 dxc4 11. Bxc4 Qa5 12. f3 Rd8 13. Qc2 Bf5 14. Qc3
Qxc3 15. Bxc3 Rac8 16. e4 Nxe4 17. Nxe4 b5 18. Bxg7 bxc4 19. Bh6 Bxe4 20. fxe4
Rd4 21. Kf2 Rxe4 22. bxc4 Rexc4 23. Rhc1 Rc2+ 24. Rxc2 Rxc2+ 25. Kf3 e5 26. Rc1
e4+ 27. Kxe4 f5+ 28. Ke5 Rxa2 29. Kf6 1-0

[Event "Veletrzni turnaj 2021"]
[Site "Brno"]
[Date "2021.09.03"]
[Round "7.15"]
[White "Habinova, Alice"]
[Black "Tajovsky, Simon"]
[Result "1-0"]
[WhiteElo "1418"]
[BlackElo "1607"]
[PlyCount "67"]
[EventDate "2021.08.29"]

1. e4 c5 2. d4 cxd4 3. c3 d3 4. c4 d6 5. Bxd3 Nf6 6. Nc3 a6 7. Nf3 e6 8. O-O
Qc7 9. Bf4 Nbd7 10. Rc1 b6 11. Qe2 Bb7 12. Rfd1 Be7 13. e5 dxe5 14. Nxe5 Nxe5
15. Bxe5 Qc6 16. f3 Rd8 17. Nd5 exd5 18. cxd5 Qd7 19. d6 Nd5 20. dxe7 Qxe7 21.
Bxg7 Qxe2 22. Bxe2 Rg8 23. Be5 Ke7 24. Kf2 Ke6 25. Bg3 b5 26. Bd3 f6 27. Bxh7
Rg7 28. Bb1 Rdg8 29. Re1+ Kf7 30. Rcd1 Rg5 31. Be4 Ba8 32. f4 Rh5 33. h3 a5 34.
Bf3 1-0

[Event "Veletrzni turnaj 2021"]
[Site "Brno"]
[Date "2021.09.03"]
[Round "7.17"]
[White "Sepsi, Jakub"]
[Black "Prokop, Jiri"]
[Result "1-0"]
[WhiteElo "1400"]
[BlackElo "1684"]
[PlyCount "89"]
[EventDate "2021.08.29"]

1. e4 d6 2. d4 Nf6 3. Nc3 c6 4. Nf3 g6 5. Be2 Bg7 6. O-O O-O 7. Be3 a6 8. h3
Qc7 9. Qd2 Nbd7 10. Bh6 b5 11. a3 e5 12. Bxg7 Kxg7 13. dxe5 dxe5 14. Rad1 Ne8
15. Nh2 h5 16. Qg5 Ndf6 17. Nf3 Bb7 18. Qxe5 Qxe5 19. Nxe5 Nc7 20. Nd7 Rfe8 21.
Nxf6 Kxf6 22. Rd7 Re7 23. Rfd1 Rae8 24. Bf3 Rxd7 25. Rxd7 Re7 26. Rxe7 Kxe7 27.
Kf1 Ne6 28. Be2 Nd4 29. Bd3 g5 30. Ne2 Nxe2 31. Kxe2 Ke6 32. g3 h4 33. gxh4
gxh4 34. Kf3 Ke5 35. Ke3 c5 36. f4+ Ke6 37. c4 Bc6 38. b3 Bd7 39. b4 Kd6 40. f5
f6 41. Kf4 bxc4 42. Bxc4 Bb5 43. Bxb5 axb5 44. bxc5+ Kxc5 45. e5 1-0

[Event "Veletrzni turnaj 2021"]
[Site "Brno"]
[Date "2021.09.03"]
[Round "7.18"]
[White "Vojtek, Pavel"]
[Black "Sauman, Petr"]
[Result "1-0"]
[WhiteElo "1609"]
[BlackElo "1346"]
[PlyCount "43"]
[EventDate "2021.08.29"]

1. e4 c5 2. Nf3 d6 3. d4 cxd4 4. Nxd4 Nf6 5. Nc3 a6 6. Be2 e6 7. O-O Be7 8. Be3
Bd7 9. Qd2 O-O 10. Rfd1 Nc6 11. Rac1 Rc8 12. Nb3 Ne5 13. f3 Qc7 14. Bg5 Nc4 15.
Bxc4 Qxc4 16. e5 dxe5 17. Bxf6 Bc5+ 18. Nxc5 Qxc5+ 19. Kh1 gxf6 20. Ne4 Qe7 21.
Qxd7 Qxd7 22. Nxf6+ 1-0

[Event "Veletrzni turnaj 2021"]
[Site "Brno"]
[Date "2021.09.03"]
[Round "7.19"]
[White "Kuncicka, Klara"]
[Black "Svec, Ludek"]
[Result "0-1"]
[WhiteElo "1279"]
[BlackElo "1549"]
[PlyCount "80"]
[EventDate "2021.08.29"]

1. e4 c5 2. Nf3 e6 3. c4 Nc6 4. Nc3 Nf6 5. Be2 Bd6 6. d4 cxd4 7. Nxd4 Bb4 8.
Nxc6 bxc6 9. Bd3 e5 10. O-O a5 11. Bd2 O-O 12. f4 Bc5+ 13. Kh1 Bd4 14. fxe5
Bxe5 15. Bg5 h6 16. Bf4 d6 17. Be2 Be6 18. Qe1 Rb8 19. Bxe5 dxe5 20. Rd1 Qe7
21. Rd2 Rbd8 22. Bd3 Nd7 23. Rdf2 Nc5 24. Be2 Nd3 25. Bxd3 Rxd3 26. b3 Rfd8 27.
Re2 Qb4 28. Rf3 Rxf3 29. gxf3 Rd3 30. Re3 Qd6 31. Qe2 Rd2 32. Qe1 Qd4 33. Re2
Rxe2 34. Nxe2 Qb2 35. Qd1 Qxa2 36. Nc1 Qb2 37. Nd3 Qa2 38. Nxe5 Bh3 39. Qg1
Qxb3 40. Nxc6 Qxf3+ 0-1

[Event "Veletrzni turnaj 2021"]
[Site "Brno"]
[Date "2021.09.03"]
[Round "7.20"]
[White "Hayrumyan, Artur"]
[Black "Hladky, Mikulas"]
[Result "1-0"]
[WhiteElo "1511"]
[BlackElo "1223"]
[PlyCount "39"]
[EventDate "2021.08.29"]

1. e4 e5 2. Nf3 Nc6 3. d4 exd4 4. Bc4 Bc5 5. Ng5 Ne5 6. Nxf7 Nxf7 7. Bxf7+ Kf8
8. Bb3 Qf6 9. O-O d6 10. Kh1 Be6 11. Ba4 Bc4 12. Re1 Qxf2 13. b3 Ba6 14. c4 Nf6
15. Bg5 Qb2 16. Nd2 Bb4 17. Rf1 Ke7 18. Bxf6+ gxf6 19. Qg4 Rhg8 20. Qd7+ 1-0

[Event "Veletrzni turnaj 2021"]
[Site "Brno"]
[Date "2021.09.03"]
[Round "7.23"]
[White "Jurak, Stanislav"]
[Black "Soucek, Andrej"]
[Result "1-0"]
[WhiteElo "1728"]
[BlackElo "1318"]
[PlyCount "107"]
[EventDate "2021.08.29"]

1. d4 Nf6 2. c4 g6 3. Nf3 Bg7 4. Nc3 d5 5. Bg5 Ne4 6. Bh4 Nxc3 7. bxc3 Bf5 8.
e3 c6 9. Qb3 Qb6 10. Qxb6 axb6 11. Nd2 Ra3 12. Nb3 Bc2 13. Nc1 dxc4 14. Kd2 Be4
15. Bxc4 Bxg2 16. Rg1 Be4 17. Nd3 Bxd3 18. Kxd3 c5 19. Rgb1 Nd7 20. Bb5 cxd4
21. Rb3 Ra8 22. cxd4 Bf6 23. Bxf6 exf6 24. Bxd7+ Kxd7 25. Rxb6 Ra7 26. Rxf6 Ke7
27. Rb6 Rc8 28. f3 Ra3+ 29. Ke4 Ra7 30. h4 f6 31. Kf4 Rc6 32. Rb4 h6 33. d5 Rd6
34. e4 Kf7 35. Rc1 Rd7 36. a4 Ke7 37. h5 g5+ 38. Kf5 Kf7 39. Rb6 Ra6 40. Rxa6
bxa6 41. Rc6 Kg7 42. Rxf6 Rb7 43. Rxa6 Rf7+ 44. Kg4 Rf4+ 45. Kg3 Rf7 46. a5 Rd7
47. Rg6+ Kh7 48. a6 Ra7 49. e5 Rd7 50. Rd6 Re7 51. e6 Kg8 52. Rd7 Re8 53. a7
Ra8 54. Rb7 1-0

[Event "Veletrzni turnaj 2021"]
[Site "Brno"]
[Date "2021.09.03"]
[Round "7.24"]
[White "Hakl, Jaroslav"]
[Black "Karafiat, Vojtech"]
[Result "1/2-1/2"]
[WhiteElo "1471"]
[BlackElo "1255"]
[PlyCount "32"]
[EventDate "2021.08.29"]

1. c4 e6 2. Nc3 Nf6 3. g3 d5 4. d4 c6 5. e3 Nbd7 6. Bg2 Be7 7. c5 b6 8. b4 Bb7
9. Nge2 a5 10. Qb3 b5 11. O-O a4 12. Qc2 e5 13. e4 exd4 14. Nxd4 dxe4 15. Nxe4
Nxc5 16. Nxf6+ Bxf6 {necitele} 1/2-1/2

[Event "Veletrzni turnaj 2021"]
[Site "Brno"]
[Date "2021.09.03"]
[Round "7.26"]
[White "Kubatova, Beta"]
[Black "Buchta, Vaclav"]
[Result "0-1"]
[WhiteElo "1049"]
[BlackElo "1119"]
[PlyCount "28"]
[EventDate "2021.08.29"]

1. d4 Nf6 2. c4 g6 3. Nf3 Bg7 4. g3 c6 5. Bg2 d6 6. O-O O-O 7. b3 Nbd7 8. Bb2
Re8 9. Nbd2 Qc7 10. Rc1 e5 11. dxe5 Nxe5 12. Re1 Bg4 13. Bc3 Rad8 14. Qc2 h5 {
chybny zapis} 0-1

[Event "Veletrzni turnaj 2021"]
[Site "Brno"]
[Date "2021.09.03"]
[Round "7.27"]
[White "Saskova, Renata"]
[Black "Teply, Jan"]
[Result "0-1"]
[WhiteElo "1195"]
[BlackElo "1063"]
[PlyCount "64"]
[EventDate "2021.08.29"]

1. e4 e5 2. Nf3 Nc6 3. d4 exd4 4. Nxd4 Nf6 5. Nc3 Bb4 6. Nxc6 bxc6 7. Bd3 d5 8.
exd5 cxd5 9. O-O O-O 10. Bg5 c6 11. Qf3 Be7 12. Rfe1 Re8 13. a3 Nd7 14. Qe2 f6
15. Qe6+ Kh8 16. Bf4 Ne5 17. Rxe5 Bxe6 18. Rxe6 Qd7 19. Bf5 g6 20. Bh3 f5 21.
Re2 g5 22. Be5+ Kg8 23. g3 g4 24. Bg2 Bd6 25. Rae1 Bxe5 26. Rxe5 Rxe5 27. Rxe5
Rb8 28. b4 Qg7 29. Rxf5 Qxc3 30. Rg5+ Kf8 31. Rxg4 Qxc2 32. f4 Qd1+ 0-1

[Event "Veletrzni turnaj 2021"]
[Site "Brno"]
[Date "2021.09.04"]
[Round "8.1"]
[White "Jires, Jiri"]
[Black "Glozar, Petr"]
[Result "1/2-1/2"]
[WhiteElo "2144"]
[BlackElo "2110"]
[PlyCount "47"]
[EventDate "2021.08.29"]

1. e4 c5 2. Nf3 e6 3. d3 d5 4. Qe2 Be7 5. g3 Nc6 6. Bg2 Nf6 7. O-O O-O 8. e5
Nd7 9. h4 f6 10. exf6 Nxf6 11. c4 Bd6 12. Nc3 h6 13. Bd2 Bd7 14. Nb5 Bb8 15.
Rac1 a6 16. Nc3 Bc7 17. Rfe1 Rb8 18. a4 Re8 19. Qf1 b6 20. b3 Bd6 21. Nb1 Qc7
22. Na3 Re7 23. Nc2 d4 24. b4 1/2-1/2

[Event "Veletrzni turnaj 2021"]
[Site "Brno"]
[Date "2021.09.04"]
[Round "8.2"]
[White "Fiala, Vaclav"]
[Black "Lukas, Frantisek"]
[Result "1-0"]
[WhiteElo "2307"]
[BlackElo "1879"]
[PlyCount "91"]
[EventDate "2021.08.29"]

1. d4 d5 2. c4 dxc4 3. e3 e6 4. Bxc4 Nf6 5. Nf3 c5 6. O-O a6 7. a3 b5 8. Ba2
Bb7 9. Nbd2 Nbd7 10. Re1 Qb6 11. e4 cxd4 12. e5 Nd5 13. Nb3 Be7 14. Nbxd4 O-O
15. Qd3 Nc5 16. Qe2 Rfd8 17. Bb1 Nd7 18. Qe4 Nf8 19. Qg4 Nc7 20. Be3 Bc5 21. b4
Bxd4 22. Nxd4 Nd5 23. Bg5 Rd7 24. Nb3 Rc7 25. Bd3 Rac8 26. Nc5 a5 27. Be4 axb4
28. axb4 Ng6 29. Qg3 Re8 30. h4 Nge7 31. h5 Kh8 32. Qh4 h6 33. Bd2 Rcc8 34. g4
Ra8 35. Rxa8 Bxa8 36. g5 hxg5 37. Bxg5 Nf5 38. Bxf5 exf5 39. h6 g6 40. h7 f6
41. Bh6 fxe5 42. Rxe5 Qd8 43. Bg5 Qc8 44. Bf6+ Nxf6 45. Qxf6+ Kxh7 46. Qf7+ 1-0

[Event "Veletrzni turnaj 2021"]
[Site "Brno"]
[Date "2021.09.04"]
[Round "8.3"]
[White "Pokorny, Petr"]
[Black "Hladky, Tadeas"]
[Result "1/2-1/2"]
[WhiteElo "2162"]
[BlackElo "1908"]
[PlyCount "71"]
[EventDate "2021.08.29"]

1. d4 d5 2. Nf3 Nf6 3. c4 c6 4. Nc3 a6 5. cxd5 cxd5 6. Bf4 Nc6 7. e3 Bf5 8. Bd3
Bxd3 9. Qxd3 e6 10. O-O Be7 11. h3 O-O 12. Rfc1 b5 13. Nb1 Qb6 14. Nbd2 Rfc8
15. Ne5 Nb4 16. Qb3 a5 17. a3 Nc6 18. Bg5 Qb7 19. a4 b4 20. Qd1 Nxe5 21. dxe5
Ne8 22. Bxe7 Qxe7 23. Rxc8 Rxc8 24. Rc1 Qd7 25. Rxc8 Qxc8 26. Nb3 Qc7 27. f4 g6
28. Nd4 Qc5 29. Qc2 Qxc2 30. Nxc2 Nc7 31. Nd4 Na6 32. Nb3 Kf8 33. Nxa5 Nc5 34.
b3 Ke8 35. Nc6 Nxb3 36. Nxb4 1/2-1/2

[Event "Veletrzni turnaj 2021"]
[Site "Brno"]
[Date "2021.09.04"]
[Round "8.4"]
[White "Meszaros, Ludek"]
[Black "Volak, Simon"]
[Result "1-0"]
[WhiteElo "2027"]
[BlackElo "2035"]
[PlyCount "156"]
[EventDate "2021.08.29"]

1. e4 c5 2. Nf3 g6 3. d4 cxd4 4. Qxd4 Nf6 5. Bb5 Nc6 6. Bxc6 dxc6 7. Qxd8+ Kxd8
8. Nc3 Bg7 9. Bg5 Bg4 10. Ne5 Be6 11. O-O-O+ Kc7 12. Nd3 b6 13. e5 Nd5 14.
Nxd5+ Bxd5 15. Rhe1 Bxg2 16. Nf4 Bf3 17. Rd3 Bg4 18. e6 fxe6 19. Nxe6+ Bxe6 20.
Rxe6 Rhe8 21. Bf4+ Kb7 22. Rd7+ Ka6 23. Rxc6 Rad8 24. Rcc7 Rxd7 25. Rxd7 Bf6
26. c3 g5 27. Bd2 Rb8 28. f3 Rb7 29. Rd5 h6 30. Kc2 e6 31. Rd6 Re7 32. h3 Be5
33. Rd8 Rf7 34. Re8 Rxf3 35. Rxe6 Bf6 36. Kd1 h5 37. Ke2 Rf5 38. Be3 g4 39.
hxg4 hxg4 40. Re4 g3 41. Rg4 Be5 42. Kd3 Rf1 43. Rg5 Bd6 44. Rg6 Bc7 45. c4
Rd1+ 46. Kc2 Re1 47. Kd2 Rh1 48. Bd4 Kb7 49. Rg7 Kc6 50. b4 Rh5 51. b5+ Kb7 52.
Kd3 Kc8 53. a4 Rf5 54. a5 Rh5 55. a6 Rf5 56. Rg8+ Kd7 57. Ke4 Rf4+ 58. Kd3 Rf5
59. Be3 Rh5 60. Rg7+ Kc8 61. Ke4 Re5+ 62. Kf3 Rf5+ 63. Kg4 Rf6 64. Kh3 Rf5 65.
Kg2 Rh5 66. Rg8+ Kd7 67. Ra8 Rh2+ 68. Kf3 Rh3 69. Bg1 Rh7 70. Rxa7 Rf7+ 71. Kg2
Ke6 72. Ra8 Bd6 73. Rg8 Kf5 74. Bxb6 Rh7 75. Bg1 Rc7 76. c5 Bxc5 77. Bxc5 Rxc5
78. a7 Rc1 1-0

[Event "Veletrzni turnaj 2021"]
[Site "Brno"]
[Date "2021.09.04"]
[Round "8.5"]
[White "Mares, Jaroslav"]
[Black "Zuziak, Petr"]
[Result "0-1"]
[WhiteElo "1938"]
[BlackElo "1797"]
[PlyCount "56"]
[EventDate "2021.08.29"]

1. c4 Nf6 2. Nc3 g6 3. g3 Bg7 4. Bg2 O-O 5. e4 d6 6. Nge2 c5 7. O-O Nc6 8. d3
Bg4 9. h3 Bxe2 10. Nxe2 Rb8 11. Rb1 a6 12. a4 b5 13. axb5 axb5 14. f4 Qc7 15.
Be3 bxc4 16. dxc4 Nd7 17. b3 Rb4 18. Bd2 Rb6 19. Bc3 e5 20. Bd2 Qb7 21. Nc3 Nd4
22. Be3 Rxb3 23. Nb5 Rxb1 24. Qxb1 Rb8 25. Qd3 Qc6 26. Rb1 Ra8 27. Nc3 Ra3 28.
Bc1 Rxc3 0-1

[Event "Veletrzni turnaj 2021"]
[Site "Brno"]
[Date "2021.09.04"]
[Round "8.6"]
[White "Lisik, Miroslav"]
[Black "Vaculik, Martin"]
[Result "1/2-1/2"]
[WhiteElo "1680"]
[BlackElo "1862"]
[PlyCount "44"]
[EventDate "2021.08.29"]

1. e4 c5 2. Nc3 e6 3. f4 a6 4. g3 d5 5. d3 Nc6 6. Bg2 d4 7. Nce2 Nf6 8. h3 Be7
9. Nf3 b5 10. O-O Bb7 11. g4 Nd7 12. Bd2 e5 13. Ng3 exf4 14. Bxf4 Nb6 15. Nf5
O-O 16. Qd2 Re8 17. Rae1 c4 18. Ng5 Bxg5 19. Bxg5 f6 20. Nxg7 fxg5 21. Nxe8
Qxe8 22. Rf6 Nd7 1/2-1/2

[Event "Veletrzni turnaj 2021"]
[Site "Brno"]
[Date "2021.09.04"]
[Round "8.7"]
[White "Setina, Vaclav"]
[Black "Rehurek, Karel"]
[Result "1-0"]
[WhiteElo "1607"]
[BlackElo "1798"]
[PlyCount "75"]
[EventDate "2021.08.29"]

1. e4 e5 2. Nf3 Nc6 3. d4 exd4 4. Nxd4 Bc5 5. Nb3 Bb6 6. Nc3 Nf6 7. Bd3 O-O 8.
O-O h6 9. Na4 d5 10. Nxb6 axb6 11. exd5 Qxd5 12. Bf4 Ne5 13. Be2 Re8 14. a3 c6
15. Be3 Qxd1 16. Raxd1 Nd5 17. Bd4 Ra4 18. Rfe1 Bf5 19. Bd3 Bg4 20. f3 Bxf3 21.
Rxe5 Rxe5 22. gxf3 Rg5+ 23. Kf2 c5 24. Re1 f6 25. Bb5 Rxd4 26. Nxd4 cxd4 27.
Re8+ Kh7 28. Rb8 Ne3 29. Rxb7 Kg8 30. Rb8+ Kf7 31. Rb7+ Kf8 32. Rb8+ Ke7 33.
Rb7+ Kd6 34. Rd7+ Kc5 35. Bf1 Nd1+ 36. Ke1 Nxb2 37. h4 g6 38. hxg5 1-0

[Event "Veletrzni turnaj 2021"]
[Site "Brno"]
[Date "2021.09.04"]
[Round "8.8"]
[White "Marsa, Alexandr"]
[Black "Rychtecky, Pavel"]
[Result "1-0"]
[WhiteElo "1863"]
[BlackElo "1543"]
[PlyCount "69"]
[EventDate "2021.08.29"]

1. d4 Nf6 2. c4 e6 3. Nc3 Bb4 4. Qb3 c5 5. dxc5 Bxc5 6. Nf3 Nc6 7. Bg5 h6 8.
Bxf6 Qxf6 9. Ne4 Qe7 10. Nxc5 Qxc5 11. e3 Qb4+ 12. Qxb4 Nxb4 13. Kd2 O-O 14. a3
Nc6 15. Kc3 b6 16. Be2 Bb7 17. Rhd1 Rfd8 18. Rd6 Kf8 19. Rad1 Ke7 20. b4 f6 21.
Nh4 Ne5 22. f4 Nf7 23. R6d4 Rac8 24. Ng6+ Ke8 25. Bh5 d5 26. Nh8 Rd7 27. Kb2
Kf8 28. Bxf7 Rxf7 29. Nxf7 Kxf7 30. cxd5 Rc7 31. d6 Rd7 32. Rc4 e5 33. Rc7 Ke6
34. fxe5 fxe5 35. Rf1 1-0